000 00360nam a2200133Ia 4500
008 220217s9999||||xx |||||||||||||| ||und||
020 _a81-7366-943-0
082 _a004.62 WEB
100 _aWebb, Jeff
_95546
245 0 _aEssential share point
260 _aShroff publishers and dist.Pvt.
_bMumbai
_c2005
300 _b325
650 _aCOMPUTER NETWORK
999 _c176556
_d176556